000 01025nam a2200265Ia 4500
003 OSt
005 20220923212553.0
006 a|||||r|||| 00| 0
007 ta
008 220922b |||||||| |||| 00| 0 hin d
024 _a154,115
037 _cTextual
040 _aARTS
_cARTS
_bhin
041 _2hin
_ahin
082 _aO152v237, M4
100 _aगुप्त, मोतीलाल
_9156279
245 0 _aमध्यप्रदेश की हिन्दी-साहित्य को देन
246 _aMadhyapradesh kī hindī-sāhitya ko dena
260 _aजोधपुर
_b राजस्थान प्राच्यविद्या प्रतिष्ठान
_c1984
300 _a296 पृ.
_ccm.
490 _aराजस्थान पुरातन गं्रथमाला; 66
650 _aहिन्दी साहित्य
_9156264
942 _hO152v237, M4
_cTEXL
_2CC
999 _c309743
_d309743